000 00947nam a2200253Ia 4500
003 OSt
005 20221005103313.0
006 a|||||r|||| 00| 0
007 ta
008 221004b |||||||| |||| 00| 0 hin d
020 _a9789381923719 (hbk)
_cIndian Rupees 210
024 _a35599
037 _bGift, 01/02/2018,
_cTextual
040 _aCRL
_cCRL
_bhin
041 _2hin
_ahin
082 _aO152,1NGAx, Q4
100 _aगैरोला, गीता, ले.
245 0 _aनूपीलान की मायरा पायबीः कविता संग्रह
246 _aNūpīlān kī māyarā pāyabīah kavitā sangraha
260 _aग़ाजियाबाद
_bअंतिका प्रकाशन भारत
_c2014
300 _a96पृ0
_ccm.
942 _hO152,1NGAx, Q4
_cTEXL
_2cc
999 _c1009809
_d1009809